Africa: Geography and more by Letter M - Statistics

General Stats
  • This quiz has been taken 203 times
  • The average score is 15 of 27
Answer Stats
Hint Answer % Correct
Big Island in the Indian Ocean Madagascar
97%
Another Country: Mix the letters a little: Mail Mali
93%
Country of the Maghreb Morocco
91%
Make a journey from Madagascar in western direction - in which country you would come ashore? Mozambique
91%
Fighter against Apartheid, being long imprisoned on Robben Island, Nobel-Peace-Prize-Award Nelson Mandela
86%
Another Country of the Maghreb Mauritania
85%
Smallest african country beginning with "M" Mauritius
78%
Maybe you'll guess this Capital thinking of Marilyn (the female Actress) Monrovia
78%
Illness, transmitted by the Animal above Malaria
72%
Which Country beginning with "M" ist still missing? Malawi
67%
Capital of Mozambique Maputo
67%
Capital of a failed state at the Horn of Africa Mogadishu
67%
Probably the deatliest Animal of the World, loving swampy areas as breeding place (not only in Africa) Mosquito
65%
Northafrican territory including Areas from Tunisia, Algeria, Morocco and Western Sahara. Sometimes also including Libya and Mauritania Maghreb
62%
Dictator of Zimbawe, its President from 1987-2017, recently discharged Robert Mugabe
57%
Capital of a Country with only one border Maseru
50%
City in Morocco: Tourist attraction, Pearl of the South, frequenty location for Movies Marrakesh
49%
Only Capital beginning with "M" that belongs to an Island Moroni
47%
Biggest Lake beginning with "M" Lake Malawi
46%
President of Egypt 1991-2011 Husny Mubarak
35%
Which Capital beginning with "M" is still not mentioned? Mbabane
35%
Name one of three geographic Facts in Kenya/Tanzania: 1. A river or 2. Wildlife reserve or 3. A swamp 1. River Mara, 2. Masai Mara Wildlife reserve, 3. Masurua-Swamp
17%
Belonging to the family of Storks, Scavenger, Wingspan up to 300 cm Marabou
7%
Do you know another City of Morocco lying in the North? Meknès
7%
Island being often mentioned in different Rankings: Most beautiful Island of the World Mahe
2%
Resort-City in Tunisia with the great fortress Ribat Monastir
2%
First female Nobel Peace Prize award, in the year 2004, coming from Kenya Wangari Maathai
2%
No matching quizzes found
Score Distribution
Percent of People with Each Score
Percentile by Number Answered
Your Score History
You have not taken this quiz